000 00495nam a22001577a 4500
003 OSt
005 20151027165931.0
008 151027b xxu||||| |||| 00| 0 eng d
040 _cRUA
082 _aVTF M 2002 B112 Or.1
100 _92994
_aM KEO SOVANNARY
245 _aEtude surl'eclosion et l' elevage des cailies dans le centre de recheerche de l'universite royale d'agriculture (URA) au cambodge,
260 _aPhnom Penh
_bRua
_c2002
300 _a39p.
_bill.
_c29cm.
942 _2ddc
_cVTF`
999 _c2808
_d2808